000
00276pam a2200121 a 4500
020
_c
041
_h
082
_a
708
_b
RAY
245
_a
Shyamal Dutta Ray
_b
Shyamal Dutta Ray
_h
Textual Documents
250
_a
2001.
260
_a
[s.l]:
_b
Vadhera Art Gallery
930
_a
1232
999
_c
235022
_d
235022